[Event "DEN-chT 2324 61st"]
[Site "Denmark"]
[Date "2024.04.07"]
[Round "9.2"]
[White "Svane, Frederik"]
[Black "Hansen, Mads"]
[Result "1-0"]
[WhiteElo "2625"]
[BlackElo "2388"]
[PlyCount "39"]
[EventDate "2023.10.28"]
[EventType "team-tourn"]
[EventRounds "9"]
[EventCountry "DEN"]
[SourceTitle "EXT 2025"]
[Source "ChessBase"]
[SourceDate "2024.10.14"]
[SourceVersion "1"]
[SourceVersionDate "2024.10.14"]
[SourceQuality "1"]
[WhiteTeam "Skanderborg Nordea"]
[BlackTeam "Frem"]
[WhiteTeamCountry "DEN"]
[BlackTeamCountry "DEN"]

1. e4 c5 2. Nf3 Nc6 3. Bb5 e6 4. Bxc6 bxc6 5. d3 Ne7 6. Nbd2 f6 7. Nh4 e5 8. f4 exf4 9. e5 g6 10. exf6 Nd5 11. Qe2+ Kf7 12. Ne4 Nxf6 13. 0-0 Kg8 14. Nxf6+ Qxf6 15. Rxf4 Qd8 16. Bd2 Bg7 17. Raf1 d5 18. Rf7 Bd7 19. Rxg7+ Kxg7 20. Qe5+ 1-0

[Event "Kolding SonFlow Cup 2"]
[Site "Kolding"]
[Date "2023.04.22"]
[Round "3"]
[White "Hansen, Mads"]
[Black "Matthiesen, Martin"]
[Result "0-1"]
[WhiteElo "2408"]
[BlackElo "2272"]
[PlyCount "78"]
[EventDate "2023.04.21"]
[EventType "tourn"]
[EventRounds "5"]
[EventCountry "DEN"]
[EventCategory "4"]
[SourceTitle "CBM 213 Extra"]
[Source "ChessBase"]
[SourceDate "2023.05.31"]
[SourceVersion "1"]
[SourceVersionDate "2023.05.31"]
[SourceQuality "1"]

1. Nf3 d5 2. g3 g6 3. Bg2 Bg7 4. d4 c6 5. c4 dxc4 6. a4 c5 7. d5 Nf6 8. Nc3 e6 9. e4 0-0 10. 0-0 exd5 11. exd5 Bf5 12. Ne5 Na6 13. Nxc4 Nb4 14. Ne3 Bd3 15. Re1 Re8 16. Bd2 Ba6 17. Nc2 Rxe1+ 18. Bxe1 Nd3 19. Rb1 Qd7 20. h3 Re8 21. Bd2 Qf5 22. Qf3 Qxf3 23. Bxf3 Ne5 24. Bg2 Bd3 25. Rc1 Nc4 26. Bg5 h6 27. b3 Na5 28. Ne1 Nxb3 29. Rd1 Bf5 30. Bxf6 Bxf6 31. Nb5 Bd7 32. Nd6 Rb8 33. Ne4 Kg7 34. a5 c4 35. Nc2 Nxa5 36. Nc5 Rd8 37. h4 b6 38. Nxd7 Rxd7 39. d6 Be5 0-1

[Event "DEN-ch blitz Final Gr-2"]
[Site "Svendborg"]
[Date "2022.04.15"]
[Round "6"]
[White "Hansen, Mads"]
[Black "Borge, Nikolaj"]
[Result "0-1"]
[WhiteElo "2307"]
[BlackElo "2403"]
[PlyCount "58"]
[EventDate "2022.04.15"]
[EventType "tourn (blitz)"]
[EventRounds "7"]
[EventCountry "DEN"]
[SourceTitle "EXT 2024"]
[Source "ChessBase"]
[SourceDate "2023.10.10"]
[SourceVersion "1"]
[SourceVersionDate "2023.10.10"]
[SourceQuality "1"]

1. e4 c5 2. Nf3 Nc6 3. d4 cxd4 4. Nxd4 Nf6 5. Nc3 e6 6. Ndb5 Bb4 7. a3 Bxc3+ 8. Nxc3 d5 9. exd5 exd5 10. Bd3 0-0 11. 0-0 d4 12. Ne2 Bg4 13. Qd2 Re8 14. Ng3 Ne5 15. b4 Qd5 16. Bb2 Bf3 17. Rfe1 Bxg2 18. Rxe5 Rxe5 19. f4 Bh3 20. fxe5 Ng4 21. Be4 Qxe5 22. Qxd4 Qg5 23. Re1 Rd8 24. Bd5 h5 25. c4 b5 26. Qxa7 Rxd5 27. cxd5 Qd2 28. Nf1 Qxe1 29. Qb8+ Kh7 0-1

[Event "DEN-ch blitz Final Gr-2"]
[Site "Svendborg"]
[Date "2022.04.15"]
[Round "3"]
[White "Hansen, Mads"]
[Black "Jorgensen, Brian"]
[Result "1-0"]
[WhiteElo "2307"]
[BlackElo "2262"]
[PlyCount "117"]
[EventDate "2022.04.15"]
[EventType "tourn (blitz)"]
[EventRounds "7"]
[EventCountry "DEN"]
[SourceTitle "EXT 2024"]
[Source "ChessBase"]
[SourceDate "2023.10.10"]
[SourceVersion "1"]
[SourceVersionDate "2023.10.10"]
[SourceQuality "1"]

1. c4 e6 2. g3 d5 3. Nf3 c5 4. cxd5 exd5 5. d4 Nc6 6. Bg2 Nf6 7. 0-0 Be7 8. Nc3 0-0 9. dxc5 Bxc5 10. Bg5 d4 11. Bxf6 Qxf6 12. Nd5 Qd8 13. Nd2 Re8 14. Rc1 Bf8 15. Nb3 Be6 16. Nf4 Bf5 17. Rxc6 bxc6 18. Bxc6 g5 19. Nxd4 gxf4 20. Nxf5 Qxd1 21. Rxd1 Red8 22. Bd5 fxg3 23. hxg3 Rac8 24. e4 h6 25. Rd3 Rd7 26. a3 Kh7 27. Kg2 Rc2 28. b4 Kg6 29. Ne3 Rcc7 30. Rb3 Bg7 31. b5 Rc3 32. Rxc3 Bxc3 33. Nc4 Kg7 34. g4 Bd4 35. a4 Rd8 36. f4 Rb8 37. Kf3 Kg6 38. Nd6 f6 39. Bc6 Bc3 40. Nf5 Bb4 41. Ne3 h5 42. Nd5 Bd6 43. gxh5+ Kxh5 44. Nxf6+ Kg6 45. Nd7 Rh8 46. e5 Bb4 47. Ke4 Rh2 48. f5+ Kf7 49. Bd5+ Ke7 50. Nf6 Rh4+ 51. Kd3 Ba3 52. Be4 Bb2 53. Nd5+ Kd8 54. e6 Rh3+ 55. Kc2 Ba3 56. f6 Rh4 57. e7+ Bxe7 58. fxe7+ Ke8 59. Bg6+ 1-0

[Event "DEN-chT1 2122 Gr1"]
[Site "Denmark"]
[Date "2022.01.30"]
[Round "5"]
[White "Hansen, Mads"]
[Black "Jorgensen, Brian"]
[Result "1-0"]
[WhiteElo "2403"]
[BlackElo "2276"]
[PlyCount "65"]
[EventDate "2021.10.31"]
[EventType "team-tourn"]
[EventRounds "7"]
[EventCountry "DEN"]
[SourceTitle "EXT 2025"]
[Source "ChessBase"]
[SourceDate "2024.10.14"]
[SourceVersion "1"]
[SourceVersionDate "2024.10.14"]
[SourceQuality "1"]
[WhiteTeam "Frem"]
[BlackTeam "Koge II"]
[WhiteTeamCountry "DEN"]
[BlackTeamCountry "DEN"]

1. d4 d5 2. c4 e6 3. Nf3 Nf6 4. g3 Be7 5. Bg2 0-0 6. 0-0 c5 7. dxc5 Bxc5 8. cxd5 exd5 9. Bg5 Nc6 10. Nc3 d4 11. Ne4 Be7 12. Nxf6+ Bxf6 13. Bxf6 Qxf6 14. Qd2 Be6 15. Rfc1 Rad8 16. b4 Rfe8 17. b5 Ne7 18. Qg5 Qxg5 19. Nxg5 Bd5 20. a4 Bxg2 21. Kxg2 Nd5 22. Kf1 h6 23. Nf3 Re4 24. Rc4 Nc3 25. e3 Re7 26. Nxd4 Nd5 27. Rac1 Kh7 28. a5 Nf6 29. Rc8 Rd5 30. Ra8 a6 31. bxa6 bxa6 32. Rxa6 Ree5 33. Ra7 1-0

[Event "Odense-ch IM"]
[Site "Odense"]
[Date "2021.10.17"]
[Round "5"]
[White "Hansen, Mads"]
[Black "Thogersen, Rasmus"]
[Result "0-1"]
[WhiteElo "2404"]
[BlackElo "2278"]
[PlyCount "165"]
[EventDate "2021.10.15"]
[EventType "tourn"]
[EventRounds "5"]
[EventCountry "DEN"]
[SourceTitle "EXT 2025"]
[Source "ChessBase"]
[SourceDate "2024.10.14"]
[SourceVersion "1"]
[SourceVersionDate "2024.10.14"]
[SourceQuality "1"]

1. c4 g6 2. Nc3 c5 3. g3 Bg7 4. Bg2 Nc6 5. Nf3 e5 6. 0-0 Nge7 7. a3 0-0 8. Ne1 d6 9. Nc2 Be6 10. Ne3 Qd7 11. Rb1 Bh3 12. b4 Bxg2 13. Kxg2 f5 14. f4 exf4 15. gxf4 Qe6 16. Kg1 Bd4 17. Nb5 a6 18. Nxd4 cxd4 19. Ng2 Qxc4 20. Rb3 Rfe8 21. Rf2 Nd5 22. Nh4 Re6 23. Rg3 Kh8 24. Bb2 Nf6 25. Rfg2 Rae8 26. d3 Qd5 27. Nf3 Nh5 28. e4 fxe4 29. Nxd4 Nxd4 30. Rg5 Re5 31. fxe5 dxe5 32. dxe4 Qxe4 33. Rxe5 Rxe5 34. Bxd4 Nf4 35. Bxe5+ Qxe5 36. Qd8+ Kg7 37. Qd7+ Kh6 38. Qd2 g5 39. Rg4 Kh5 40. Rg3 Ne2+ 41. Kg2 Qe4+ 42. Kf2 Nxg3 43. hxg3 g4 44. Qd6 Kg5 45. a4 Kf5 46. b5 axb5 47. axb5 Qf3+ 48. Kg1 Ke4 49. b6 Ke3 50. Qc5+ Kd3 51. Qc7 Qe3+ 52. Kf1 Qe2+ 53. Kg1 Qe1+ 54. Kg2 Qe4+ 55. Kf2 Kd4 56. Kg1 Ke3 57. Qc1+ Kf3 58. Qf1+ Ke3 59. Qc1+ Kd4 60. Qc7 h5 61. Kf2 Qd5 62. Kg1 Kd3 63. Kf2 Kd2 64. Kf1 Kd1 65. Kf2 Qd2+ 66. Kf1 Qd3+ 67. Kf2 Qd5 68. Kf1 h4 69. gxh4 Qh1+ 70. Kf2 Qxh4+ 71. Kf1 Qh1+ 72. Kf2 Qf3+ 73. Kg1 Qe3+ 74. Kg2 Qe4+ 75. Kf2 Kd2 76. Kf1 Ke3 77. Kg1 Ke2 78. Kh2 Kf2 79. Qf7+ Qf3 80. Qa2+ Qe2 81. Qf7+ Ke3+ 82. Kg1 Qd1+ 83. Kg2 0-1

[Event "Noisiel op 5th"]
[Site "Noisiel"]
[Date "2020.02.19"]
[Round "8"]
[White "Terrieux, Kevin"]
[Black "Hansen, Mads"]
[Result "1-0"]
[WhiteElo "2453"]
[BlackElo "2394"]
[PlyCount "119"]
[EventDate "2020.02.15"]
[EventType "swiss"]
[EventRounds "9"]
[EventCountry "FRA"]
[SourceTitle "CBM 195 Extra"]
[Source "ChessBase"]
[SourceDate "2020.05.31"]
[SourceVersion "1"]
[SourceVersionDate "2020.05.31"]
[SourceQuality "1"]

1. d4 d5 2. Nc3 Nf6 3. Bf4 c5 4. e3 cxd4 5. exd4 a6 6. Nf3 Nc6 7. Ne5 Bf5 8. g4 Nxe5 9. gxf5 Nc4 10. Bxc4 dxc4 11. Qf3 Qd7 12. Be5 0-0-0 13. Bxf6 exf6 14. 0-0-0 Bb4 15. Ne4 Rhe8 16. c3 Qd5 17. Rde1 Bd6 18. Nxd6+ Qxd6 19. Re3 g5 20. h3 h5 21. Rhe1 Rxe3 22. fxe3 h4 23. Re2 Re8 24. Kd2 Re5 25. Ke1 Ra5 26. a3 Rb5 27. Kf1 Qb6 28. Qf2 Qa5 29. e4 Qa4 30. Rd2 Qb3 31. Kg2 Qa2 32. Qe2 Kd8 33. Kf3 Qb1 34. Kg4 Qg1+ 35. Kh5 Rb6 36. Kh6 Qg3 37. Qg2 Qf4 38. Rf2 Qd6 39. Kh5 Ke7 40. Qh2 Qd8 41. Re2 Rc6 42. e5 Kf8 43. Qg2 Qd7 44. Qe4 Rb6 45. e6 fxe6 46. fxe6 Qe8+ 47. Kh6 Qe7 48. d5 Rd6 49. Rf2 Qg7+ 50. Kh5 g4 51. Qf5 gxh3 52. Kxh4 Qh6+ 53. Kg3 Ke7 54. Kh2 b5 55. Re2 Qh4 56. Re4 Qh6 57. Qf2 Rxd5 58. Qa7+ Kd6 59. Qd7+ Kc5 60. Qc7# 1-0

[Event "Noisiel op 5th"]
[Site "Noisiel"]
[Date "2020.02.17"]
[Round "4"]
[White "Meillon, Judicael"]
[Black "Hansen, Mads"]
[Result "1-0"]
[WhiteElo "2051"]
[BlackElo "2394"]
[PlyCount "105"]
[EventDate "2020.02.15"]
[EventType "swiss"]
[EventRounds "9"]
[EventCountry "FRA"]
[SourceTitle "CBM 195 Extra"]
[Source "ChessBase"]
[SourceDate "2020.05.31"]
[SourceVersion "1"]
[SourceVersionDate "2020.05.31"]
[SourceQuality "1"]

1. e4 c5 2. Nf3 e6 3. d3 Nc6 4. g3 g6 5. h4 h6 6. Bh3 Bg7 7. Qe2 Nge7 8. Nc3 d5 9. e5 Qc7 10. Bf4 Nd4 11. Nxd4 cxd4 12. Nb1 Nc6 13. 0-0 Bxe5 14. Bd2 Bd7 15. a4 Bg7 16. Na3 a6 17. b4 0-0 18. b5 Ne7 19. Bf4 Qc5 20. Rfb1 a5 21. Be5 Nc8 22. Rb2 f6 23. Bf4 Qe7 24. Bg2 Nb6 25. Nb1 e5 26. Bd2 Ra7 27. c3 dxc3 28. Bxc3 Be6 29. Qe1 Rfa8 30. d4 Nc4 31. Re2 Qd7 32. Nd2 Nxd2 33. Bxd2 e4 34. Rc1 Rc8 35. Re3 b6 36. Rec3 Rxc3 37. Rxc3 f5 38. Rc6 Bxd4 39. Be3 Bg7 40. Bxb6 Ra8 41. Rc7 Qd6 42. Rc6 Qe7 43. Bc5 Qe8 44. Rc7 d4 45. b6 Bd5 46. Qa1 Qe5 47. Rd7 f4 48. b7 Re8 49. Bd6 Qe6 50. Rxg7+ Kxg7 51. Qxd4+ Qf6 52. Be5 Rxe5 53. b8Q 1-0

[Event "DEN-chT 1920 58th"]
[Site "Denmark"]
[Date "2020.01.12"]
[Round "5.6"]
[White "Klitgaard, Thomas"]
[Black "Hansen, Mads"]
[Result "0-1"]
[WhiteElo "2173"]
[BlackElo "2408"]
[PlyCount "53"]
[EventDate "2019.11.23"]
[EventType "team-tourn"]
[EventRounds "9"]
[EventCountry "DEN"]
[SourceTitle "CBM 194 Extra"]
[Source "ChessBase"]
[SourceDate "2020.03.31"]
[SourceVersion "1"]
[SourceVersionDate "2020.03.31"]
[SourceQuality "1"]
[WhiteTeam "Nordre"]
[BlackTeam "Skanderborg Nordea"]
[WhiteTeamCountry "DEN"]
[BlackTeamCountry "DEN"]

1. d4 Nf6 2. Bg5 e6 3. Nd2 h6 4. Bh4 c5 5. e3 d5 6. c3 Nc6 7. Ngf3 Bd6 8. Bd3 0-0 9. 0-0 b6 10. Re1 e5 11. Bb5 e4 12. Bxc6 exf3 13. Bxa8 Bxh2+ 14. Kh1 g5 15. Kxh2 gxh4 16. Qxf3 Ng4+ 17. Kg1 Be6 18. Bxd5 Qxd5 19. Qxd5 Bxd5 20. f3 Nf6 21. Kf2 Be6 22. Rh1 cxd4 23. cxd4 h3 24. gxh3 Nd5 25. a3 f5 26. Rac1 Kf7 27. Nc4 0-1

[Event "DEN-chT 1920 58th"]
[Site "Denmark"]
[Date "2019.12.01"]
[Round "3.5"]
[White "Hansen, Mads"]
[Black "Jensen, Bjarke"]
[Result "1-0"]
[WhiteElo "2408"]
[BlackElo "2328"]
[PlyCount "41"]
[EventDate "2019.11.23"]
[EventType "team-tourn"]
[EventRounds "9"]
[EventCountry "DEN"]
[SourceTitle "CBM 193 Extra"]
[Source "ChessBase"]
[SourceDate "2020.01.31"]
[SourceVersion "1"]
[SourceVersionDate "2020.01.31"]
[SourceQuality "1"]
[WhiteTeam "Skanderborg Nordea"]
[BlackTeam "Jetsmark"]
[WhiteTeamCountry "DEN"]
[BlackTeamCountry "DEN"]

1. e4 c5 2. Nf3 d6 3. Bb5+ Bd7 4. c4 Bxb5 5. cxb5 d5 6. exd5 Nf6 7. 0-0 Nxd5 8. d4 e6 9. Re1 a6 10. Na3 cxd4 11. Bg5 Be7 12. Bxe7 Nxe7 13. Qb3 0-0 14. Rad1 axb5 15. Nxd4 Qb6 16. Ndxb5 Nbc6 17. Nc4 Qc5 18. Rd7 Nf5 19. a3 Rac8 20. Ncd6 Rcd8 21. Nxb7 1-0

[Event "Odense-ch A"]
[Site "Odense"]
[Date "2019.10.12"]
[Round "3"]
[White "Antonsen, Mikkel"]
[Black "Hansen, Mads"]
[Result "0-1"]
[WhiteElo "2388"]
[BlackElo "2405"]
[PlyCount "80"]
[EventDate "2019.10.11"]
[EventType "tourn"]
[EventRounds "5"]
[EventCountry "DEN"]
[EventCategory "7"]
[SourceTitle "EXT 2021"]
[Source "ChessBase"]
[SourceDate "2020.10.23"]
[SourceVersion "1"]
[SourceVersionDate "2020.10.23"]
[SourceQuality "1"]

1. Nf3 d5 2. g3 Nf6 3. Bg2 c5 4. 0-0 e6 5. d4 cxd4 6. Nxd4 e5 7. Nb3 Nc6 8. Bg5 Be6 9. Nc3 d4 10. Ne4 Be7 11. Nxf6+ gxf6 12. Bh4 a5 13. Qc1 a4 14. Nd2 Rc8 15. b3 Nb4 16. Bxb7 Rxc2 17. Qd1 a3 18. Nc4 Rxa2 19. Nxa3 0-0 20. Nc4 Rxa1 21. Qxa1 Nd5 22. Qa5 Nc3 23. Re1 Qd7 24. Bf3 Rb8 25. Nd2 Kg7 26. Qa6 Bb4 27. Ra1 f5 28. Nc4 e4 29. Bh5 f6 30. Qa7 Rb7 31. Qa8 Be7 32. Ra6 Bd5 33. h3 Rxb3 34. Qa7 Qxa7 35. Rxa7 Rb7 36. Rxb7 Bxb7 37. Na5 Bd5 38. Be8 Nxe2+ 39. Kf1 d3 40. Bc6 Nd4 0-1

[Event "Odense-ch A"]
[Site "Odense"]
[Date "2019.10.11"]
[Round "1"]
[White "Hansen, Mads"]
[Black "Rostgaard, Tobias Valentin"]
[Result "1-0"]
[WhiteElo "2405"]
[BlackElo "2365"]
[PlyCount "153"]
[EventDate "2019.10.11"]
[EventType "tourn"]
[EventRounds "5"]
[EventCountry "DEN"]
[EventCategory "7"]
[SourceTitle "EXT 2021"]
[Source "ChessBase"]
[SourceDate "2020.10.23"]
[SourceVersion "1"]
[SourceVersionDate "2020.10.23"]
[SourceQuality "1"]

1. e4 e5 2. Nf3 Nc6 3. Bb5 a6 4. Ba4 Nf6 5. 0-0 Be7 6. Re1 b5 7. Bb3 d6 8. c3 0-0 9. h3 Nb8 10. d4 Nbd7 11. Nbd2 Bb7 12. Bc2 Re8 13. Nf1 Bf8 14. Ng3 g6 15. a4 c6 16. b3 Bg7 17. Bb2 Qc7 18. Bd3 d5 19. exd5 Nxd5 20. c4 bxc4 21. Bxc4 Rad8 22. Bxd5 cxd5 23. Rc1 Qd6 24. dxe5 Nxe5 25. Nxe5 Bxe5 26. Bxe5 Rxe5 27. Qd4 Rxe1+ 28. Rxe1 Bc8 29. Rd1 Qd7 30. Rd3 Re8 31. Kh2 h5 32. Qf4 Qd8 33. Rd4 Be6 34. Ne4 Kg7 35. Nc5 a5 36. Nb7 Qb6 37. Nd6 Rd8 38. Nb5 Qb8 39. Qxb8 Rxb8 40. f4 Rc8 41. Rd3 Bf5 42. Rxd5 Rc2 43. Re5 Rd2 44. Re3 Bc8 45. Kg1 Bb7 46. g3 Bc8 47. h4 Bg4 48. Nc3 Be6 49. Ne4 Rb2 50. Nc5 Bh3 51. Rc3 Kf6 52. Ne4+ Ke7 53. Rc7+ Kd8 54. Ra7 Rxb3 55. Rxa5 Bf5 56. Nd6 Be6 57. Kf2 Rb2+ 58. Kf1 Kc7 59. Ne4 Bc4+ 60. Kg1 Be6 61. Rc5+ Kb6 62. a5+ Ka6 63. Re5 Rb1+ 64. Kf2 Bf5 65. Nd6 Rb2+ 66. Re2 Rxe2+ 67. Kxe2 Be6 68. Ke3 Kxa5 69. Ke4 Kb6 70. f5 gxf5+ 71. Nxf5 Kc5 72. Ng7 Bg4 73. Ke5 Kc4 74. Kf6 Kd4 75. Kg5 Ke4 76. Nxh5 Bd1 77. Nf6+ 1-0

[Event "Andorra op 37th"]
[Site "Escaldes"]
[Date "2019.08.03"]
[Round "8"]
[White "Hansen, Mads"]
[Black "Martinez Lopez, Ivan"]
[Result "1/2-1/2"]
[WhiteElo "2406"]
[BlackElo "2174"]
[PlyCount "82"]
[EventDate "2019.07.27"]
[EventType "swiss"]
[EventRounds "9"]
[EventCountry "AND"]
[SourceTitle "CBM 191 Extra"]
[Source "ChessBase"]
[SourceDate "2019.09.30"]
[SourceVersion "1"]
[SourceVersionDate "2019.09.30"]
[SourceQuality "1"]

1. e4 d5 2. exd5 Qxd5 3. Nc3 Qd6 4. d4 Nf6 5. Nf3 c6 6. Ne5 Be6 7. Bf4 Qd8 8. Qd2 g6 9. 0-0-0 Bg7 10. Bh6 Bxh6 11. Qxh6 Qd6 12. Be2 Nbd7 13. f4 Nb6 14. Rhe1 0-0-0 15. g4 Rhf8 16. Qh4 Nbd5 17. Nxd5 Nxd5 18. Qf2 f6 19. Nd3 Bg8 20. a3 e5 21. f5 e4 22. Nc5 Rde8 23. Bf1 e3 24. Qg3 Qf4 25. Re2 g5 26. Bg2 b6 27. Nd3 Qc7 28. Rf1 Re7 29. b3 Rfe8 30. Kb2 b5 31. Qh3 Qa5 32. Bxd5 Bxd5 33. Rfe1 Qd8 34. Rxe3 Be4 35. Kc3 Bxd3 36. Kxd3 c5 37. c3 cxd4 38. Rxe7 dxc3+ 39. Kxc3 Rxe7 40. Rxe7 Qxe7 41. Qd3 Qe1+ 1/2-1/2

[Event "Andorra op 37th"]
[Site "Escaldes"]
[Date "2019.07.27"]
[Round "1"]
[White "Colomer Camarasa, Jordi"]
[Black "Hansen, Mads"]
[Result "0-1"]
[WhiteElo "1907"]
[BlackElo "2406"]
[PlyCount "26"]
[EventDate "2019.07.27"]
[EventType "swiss"]
[EventRounds "9"]
[EventCountry "AND"]
[SourceTitle "CBM 191 Extra"]
[Source "ChessBase"]
[SourceDate "2019.09.30"]
[SourceVersion "1"]
[SourceVersionDate "2019.09.30"]
[SourceQuality "1"]

1. d4 Nf6 2. Bg5 e6 3. e3 h6 4. Bxf6 Qxf6 5. Nf3 c5 6. c3 Nc6 7. Bd3 d5 8. Nbd2 Bd6 9. 0-0 0-0 10. e4 cxd4 11. cxd4 Nxd4 12. Nxd4 Qxd4 13. exd5 Qxd3 0-1

[Event "Oberliga Nord N 1819"]
[Site "Germany"]
[Date "2019.04.07"]
[Round "9.2"]
[White "Hansen, Mads"]
[Black "Seres, Lajos"]
[Result "1/2-1/2"]
[WhiteElo "2413"]
[BlackElo "2429"]
[PlyCount "50"]
[EventDate "2018.10.21"]
[EventType "team-tourn"]
[EventRounds "9"]
[EventCountry "GER"]
[SourceTitle "EXT 2020"]
[Source "ChessBase"]
[SourceDate "2019.10.17"]
[SourceVersion "1"]
[SourceVersionDate "2019.10.17"]
[SourceQuality "1"]
[WhiteTeam "Preetz"]
[BlackTeam "Schwerin SF"]
[WhiteTeamCountry "GER"]
[BlackTeamCountry "GER"]

1. e4 c5 2. Nf3 Nc6 3. Bb5 g6 4. Bxc6 bxc6 5. 0-0 Bg7 6. Re1 Nh6 7. Nc3 0-0 8. d3 d6 9. h3 e5 10. a3 a5 11. Na4 f5 12. Bd2 Nf7 13. c4 Be6 14. Qc2 Qf6 15. Nc3 f4 16. Qa4 Rfe8 17. Kf1 h5 18. Ke2 g5 19. Rh1 Bd7 20. Rag1 Rec8 21. Bc1 Ra7 22. Qc2 Nd8 23. g4 hxg4 24. hxg4 Ne6 25. Na4 Raa8 1/2-1/2

[Event "DEN-chT 1819 57th"]
[Site "Denmark"]
[Date "2019.02.24"]
[Round "7.2"]
[White "Hansen, Mads"]
[Black "Christensen, Tobias"]
[Result "1-0"]
[WhiteElo "2385"]
[BlackElo "2344"]
[PlyCount "49"]
[EventDate "2018.10.27"]
[EventType "team-tourn"]
[EventRounds "9"]
[EventCountry "DEN"]
[SourceTitle "CBM 189 Extra"]
[Source "ChessBase"]
[SourceDate "2019.05.31"]
[SourceVersion "1"]
[SourceVersionDate "2019.05.31"]
[SourceQuality "1"]
[WhiteTeam "Skanderborg Nordea"]
[BlackTeam "Aarhus/Skolerne"]
[WhiteTeamCountry "DEN"]
[BlackTeamCountry "DEN"]

1. e4 c5 2. Nf3 d6 3. d4 cxd4 4. Nxd4 Nf6 5. Nc3 g6 6. Be3 Bg7 7. f3 0-0 8. Qd2 Nc6 9. 0-0-0 d5 10. Qe1 e6 11. h4 Qc7 12. Kb1 dxe4 13. fxe4 Ng4 14. Bg1 h5 15. Be2 f5 16. Bxg4 hxg4 17. h5 g5 18. h6 Bxd4 19. Nb5 Qh7 20. Nxd4 Bd7 21. exf5 Rae8 22. Rh5 exf5 23. Rxg5+ Kh8 24. Nxc6 Qxh6 25. Qc3+ 1-0

[Event "SWE-chT 1819 Elite"]
[Site "Sweden"]
[Date "2019.02.02"]
[Round "5.2"]
[White "Hillarp Persson, Tiger"]
[Black "Hansen, Mads"]
[Result "1-0"]
[WhiteElo "2548"]
[BlackElo "2396"]
[PlyCount "75"]
[EventDate "2018.11.09"]
[EventType "team-tourn"]
[EventRounds "9"]
[EventCountry "SWE"]
[SourceTitle "CBM 189 Extra"]
[Source "ChessBase"]
[SourceDate "2019.05.31"]
[SourceVersion "1"]
[SourceVersionDate "2019.05.31"]
[SourceQuality "1"]
[WhiteTeam "Lunds"]
[BlackTeam "Limhamn"]
[WhiteTeamCountry "SWE"]
[BlackTeamCountry "SWE"]

1. Nf3 Nf6 2. g3 d5 3. Bg2 c6 4. c4 dxc4 5. 0-0 Nbd7 6. Qc2 Nb6 7. Na3 g6 8. Nxc4 Nxc4 9. Qxc4 Bg7 10. b3 0-0 11. Bb2 Bf5 12. d3 Rc8 13. b4 a5 14. bxa5 Qxa5 15. a4 Ne8 16. Bxg7 Kxg7 17. Nd4 Nd6 18. Qc2 Kg8 19. Rfc1 c5 20. Nxf5 gxf5 21. Qb2 Rc7 22. Qe5 Ra8 23. Qf4 Rac8 24. Bd5 Rd7 25. e4 e6 26. Qg5+ Kf8 27. e5 Ne8 28. Qh6+ Ke7 29. Bc4 Rd4 30. Qxh7 Rg4 31. Qh6 Qc7 32. Rab1 Rb8 33. Qe3 Ng7 34. Rb5 Rd4 35. Bb3 Rbd8 36. Rbxc5 Qb6 37. Rb5 f4 38. Qf3 1-0

[Event "DEN-chT 1819 57th"]
[Site "Denmark"]
[Date "2018.12.09"]
[Round "4.4"]
[White "Thogersen, Rasmus"]
[Black "Hansen, Mads"]
[Result "0-1"]
[WhiteElo "2277"]
[BlackElo "2385"]
[PlyCount "80"]
[EventDate "2018.10.27"]
[EventType "team-tourn"]
[EventRounds "9"]
[EventCountry "DEN"]
[SourceTitle "CBM 189 Extra"]
[Source "ChessBase"]
[SourceDate "2019.05.31"]
[SourceVersion "1"]
[SourceVersionDate "2019.05.31"]
[SourceQuality "1"]
[WhiteTeam "Jetsmark"]
[BlackTeam "Skanderborg Nordea"]
[WhiteTeamCountry "DEN"]
[BlackTeamCountry "DEN"]

1. e4 e5 2. Nf3 Nc6 3. Bc4 Bc5 4. 0-0 Nf6 5. d3 a6 6. a4 d6 7. c3 Ba7 8. Re1 0-0 9. h3 h6 10. Nbd2 Re8 11. b4 Be6 12. b5 axb5 13. axb5 Bxf2+ 14. Kxf2 Rxa1 15. bxc6 Bxc4 16. Nxc4 bxc6 17. Kg1 Qa8 18. Nh4 Rb8 19. Nf5 Qa2 20. Nd2 Rb2 21. Qf3 Rc2 22. Qf1 Rxc3 23. Nc4 Qc2 24. Bxh6 Rxe1 25. Qxe1 gxh6 26. Qg3+ Kf8 27. Qg7+ Ke8 28. Kh2 Qf2 29. Nce3 Qf4+ 30. g3 Qf2+ 31. Ng2 Rc2 32. Nfh4 h5 33. Qh8+ Kd7 34. Qf8 Ne8 35. Qh6 Nf6 36. Qf8 Rc1 37. Qxf7+ Kc8 38. Qe6+ Kd8 39. g4 Rc2 40. Qf5 Qxf5 0-1